000 00675nam a2200217 4500
003 OSt
005 20240717030053.0
006 a
008 240717b |||||||| |||| 00| 0 eng d
020 _a9780750678988
040 _aDWCL-Main lib.
_cOC
082 _aCirc. 910.684 M287t 2006
100 _aMansfeld, Yoel
245 _aTourism, security and safety from theory to practice /
260 _aBurlington, Mass. :
_bElsevier Butterworth-Heinemann,
_cc2006.
300 _axiv,
_b361 p. : ill. ;
_c24 cm.
504 _aIncludes bibliographical references & index.
650 _a1. Tourism.
650 _a2. Tourism-safety measures.
942 _2ddc
_n0
_cBK-CIRC
_kCirc.
999 _c2298
_d2298